Catálogo
 En Linea

Estudios sobre los modernistas / (Registro nro. 2390)

Detalles MARC
000 -CABECERA
campo de control de longitud fija 00721nam a2200217 a 4500
001 - NÚMERO DE CONTROL
campo de control 000002554
005 - FECHA Y HORA DE LA ÚLTIMA TRANSACCIÓN
campo de control 20200929150219.0
008 - DATOS DE LONGITUD FIJA--INFORMACIÓN GENERAL
campo de control de longitud fija 800610s1986 ag b 001 0 spa
020 ## - NÚMERO INTERNACIONAL ESTÁNDAR DEL LIBRO
Número Internacional Estándar del Libro 9509097624
040 ## - FUENTE DE LA CATALOGACIÓN
Centro catalogador/agencia de origen DO-SdBNP
Lengua de catalogación spa
Centro/agencia transcriptor BNPHU
041 17 - CÓDIGO DE LENGUA
Código de lengua del texto/banda sonora o título independiente eng
Código de lengua original spa
082 ## - NÚMERO DE LA CLASIFICACIÓN DECIMAL DEWEY
Número de clasificación A860
Número de documento/Ítem L665m
100 1# - ENTRADA PRINCIPAL--NOMBRE DE PERSONA
Nombre de persona Levin, Harry,
Fechas asociadas al nombre 1912-1994.
9 (RLIN) 8047
240 10 - TÍTULO UNIFORME
Título uniforme Memories of the moderns.
Lenguaje de la obra Español.
245 10 - MENCIÓN DE TÍTULO
Título Estudios sobre los modernistas /
Mención de responsabilidad, etc. Harry Levin; traducción de Anibal Leal.
260 ## - PUBLICACIÓN, DISTRIBUCIÓN, ETC.
Lugar de publicación, distribución, etc. Buenos Aires :
Nombre del editor, distribuidor, etc. Fraterna,
Fecha de publicación, distribución, etc. 1986.
300 ## - DESCRIPCIÓN FÍSICA
Extensión 352 p. ;
Dimensiones 20 cm.
534 ## - NOTA SOBRE LA VERSIÓN ORIGINAL
Encabezamiento principal del original Título original:
Mención de título del original Memories of the moderns
650 #4 - PUNTO DE ACCESO ADICIONAL DE MATERIA--TÉRMINO DE MATERIA
Término de materia o nombre geográfico como elemento de entrada Literatura argentina
Subdivisión cronológica SIGLO XX
Subdivisión general Historia y crítica
9 (RLIN) 8048
700 1# - PUNTO DE ACCESO ADICIONAL--NOMBRE DE PERSONA
Nombre de persona Leal, Aníbal
Término indicativo de función/relación tr.
9 (RLIN) 4573
Existencias
Estado de retiro Estado de pérdida Restricciones de uso No para préstamo Código de colección Localización permanente Ubicación/localización actual Ubicación en estantería Fecha de adquisición Número de inventario Total de préstamos Signatura topográfica completa Código de barras Fecha visto por última vez Precio válido a partir de Tipo de ítem Koha
    Préstamo interno   Monografías: Libros y Folletos General General En catalogación 08.07.2009 LF1   A860 L665m 2554-10 25.06.2020 25.06.2020 Préstamo interno
    Préstamo interno   Monografías: Libros y Folletos General General En catalogación 08.07.2009 LF1   A860 L665m 2554-20 25.06.2020 25.06.2020 Préstamo interno

Con tecnología Koha